| 000 | 00617nam a22001697a 4500 | ||
|---|---|---|---|
| 003 | NUST - PNEC | ||
| 005 | 20170116180918.0 | ||
| 008 | 150904b xxu||||| |||| 00| 0 eng d | ||
| 020 | _a- | ||
| 040 | _cLIBRARY | ||
| 082 | _a621.3 MCP | ||
| 100 |
_97529 _aMcPartland, Joseph F. |
||
| 245 |
_a How to design electrical systems : a complete manual on practical design and layout of electrical systems for power, light, heat, signals, and communications in commercial, industrial, and residential buildings _cJoseph F. McPartland |
||
| 260 | _cc.1968 | ||
| 650 |
_97530 _aElectrical engineering _xEE |
||
| 942 |
_2ddc _cBK |
||
| 999 |
_c65503 _d65503 |
||